Postacie historyczne według opisu z Wikipedii #1 - Statystyki

Ogólne statystyki
  • Ten quiz został rozwiązany 2 500 razy
    2 392 od ostatniego zresetowania
  • Średni wynik to 8 z 18
Statystyki odpowiedzi
Opis Postać
historyczna
% Poprawnych
"Jego narodziny przyjęto za punkt zerowy naszej ery, od którego podaje się liczbę lat." Jezus Chrystus
100%
"Kojarzony ze słynnym twierdzeniem matematycznym nazwanym jego imieniem." Pitagoras
91%
"Po wydaleniu z Kościoła katolickiego stał się współtwórcą wczesnej postaci protestantyzmu" Marcin Luter
75%
"apostoł, ukazany w Ewangeliach jako mający pierwszeństwo wśród Dwunastu z ustanowienia Chrystusa." Piotr Apostoł
75%
"Konferencje [jego] z zachodnimi sojusznikami w Teheranie, Jałcie i Poczdamie stały się podstawą powojennego ładu międzynarodowego." Józef Stalin
70%
"Jeden z trzech – obok Sokratesa i Platona – najsławniejszych filozofów starożytnej Grecji." Arystoteles
53%
"W 1916 został wyróżniony Medalem Edisona „za wybitne osiągnięcia we wczesnych pracach nad prądem wielofazowym i wielkiej częstotliwości”" Nikola Tesla
50%
"Jedyny w historii prezydent USA pełniący urząd dłużej niż dwie kadencje" Franklin Delano Roosevelt
45%
"Jest założycielem Koreańskiej Republiki Ludowo Demokratycznej." Kim Ir Sen
44%
"żydowska autorka dziennika, w którym opowiadała o swoim życiu podczas niemieckiej okupacji Holandii" Anne Frank
40%
"W 480 p.n.e. dowodził obroną przesmyku termopilskiego" Leonidas I
40%
"Urodził się 30 listopada 1427. Był najmłodszym, trzecim, synem Władysława Jagiełły" Kazimierz IV Jagiellończyk
38%
Do 1784 Rosjanie zajęli już ostatnie dalekowschodnie terytoria Azji, Kamczatkę i Półwysep Czukocki" Katarzyna II Wielka
18%
"W latach 1487–1488 roku poprowadził pierwszą ekspedycję europejską, która dotarła do Przylądka Dobrej Nadziei." Bartolomeu Dias
15%
"Zasłynął jako zdobywca Konstantynopola." Mehmed II Zdobywca
10%
"Po zamachu na arcyksięcia Franciszka Ferdynanda w czerwcu 1914 r. zapewnił Austrii wszelką pomoc ze strony Niemiec w zwalczaniu „serbskiego barbarzyństwa”." Wilhelm II Hohenzollern
6%
"Opublikował dwie książki: Return to Earth (Powrót na Ziemię) i Men From Earth (Ludzie z Ziemi)." Buzz Aldrin
3%
"Jest również autorem książki What is Life? (wyd. 1944), w której dowodzi, że życie można ujmować w kategoriach przechowywania i przekazywania informacji biologicznej." Erwin Schrödinger
2%
Nie znaleziono quizów pasujących do podanych kryteriów
Rozkład punktacji
Procent ludzi z każdym wynikiem
Percentyl według liczby udzielonych odpowiedzi
Twoja historia wyników
Nie rozwiązałeś tego quizu od ostatniego zresetowania